00565nam a22002177a 4500003000500000005001700005008004100022010001000063011001000073035001000083040000900093100001800102245003500120260005300155300001900208490001800227650002500245700001700270710004200287830001800329CHAP20220817041517.0971013s1983 r 00010 d a16571 a17543 a21626 cCHAP00aHoward, D. J. aAid tool for timber harvesting aLondon :bHer Mejesty's Stationery Office,c1983 a26 p.b: ilus. aLeafletv; 8114aMaquinaria forestal.0 aHayes, F. W.0 aGran Breetaña. Forestry Commission.0 aLeafletv; 81